[Event "Lovsprings op 08th E"]
[Site "Ringsted"]
[Date "1996.03.15"]
[Round "2"]
[White "Bromann, Per"]
[Black "Niki, Alireza"]
[Result "0-1"]
[WhiteElo "1201"]
[BlackElo "1100"]
[PlyCount "80"]
[EventDate "1996.03.08"]
[EventType "swiss"]
[EventRounds "7"]
[EventCountry "DEN"]
[SourceTitle "EXT 2023"]
[Source "ChessBase"]
[SourceDate "2022.10.05"]
[SourceVersion "1"]
[SourceVersionDate "2022.10.05"]
[SourceQuality "1"]

1. e4 d5 2. Bd3 Nc6 3. c4 e6 4. Qe2 Nd4 5. Qd1 Qg5 6. g3 Qf6 7. cxd5 exd5 8. Nc3 Bc5 9. f3 Ne7 10. exd5 Qe5+ 11. Be4 f5 12. d3 fxe4 13. dxe4 Bd7 14. Bf4 Qf6 15. Qd3 0-0-0 16. e5 Qb6 17. b3 Bb5 18. Nxb5 Nxb5 19. d6 cxd6 20. exd6 Nxd6 21. Bxd6 Rxd6 22. Qc4 Rd4 23. Qc2 Qb4+ 24. Kf1 Rd2 25. Qxd2 Qxd2 26. Ne2 Qe3 27. Kg2 Qxe2+ 28. Kh3 Be3 29. Rhf1 h5 30. Rae1 Qd3 31. Rd1 Qf5+ 32. Kg2 Rd8 33. g4 Qc2+ 34. Kh3 Rxd1 35. Rxd1 hxg4+ 36. fxg4 Qxd1 37. Kh4 g6 38. Kh3 Qf1+ 39. Kh4 Qg2 40. g5 Bxg5# 0-1